| 000 | 00983nam a2200325 i 4500 | ||
|---|---|---|---|
| 003 | EG-GICUC | ||
| 005 | 20260425144233.0 | ||
| 008 | 260425s1986 fr ||||fr|||| 00| 0 eng d | ||
| 040 |
_aEG-GiCUC _beng _cEG-GiCUC _dEG-GiCUC _erda |
||
| 041 | _aeng | ||
| 082 | 0 | 4 |
_221 _a343.431 _bAH.A |
| 092 | 0 | 4 | _221 |
| 099 | _aLaw1 10 343.431 AH.A 1986 | ||
| 100 | 1 |
_aAhmed M. Rifaat _eAuthor. |
|
| 245 |
_aAggression and Terrorism two Legal Concepts / _cAhmed M. Rifaat . |
||
| 264 |
_aParis : _bArab Lawyers Union , _c1986 . |
||
| 300 |
_a42 pages , _c24 cm |
||
| 336 |
_2rda content _atext |
||
| 337 |
_2rda media _aComputer |
||
| 338 |
_2rda carrier _aOnline Resource |
||
| 500 | _aPaper Submuitted to the Ladl Conference | ||
| 546 | _aText in English | ||
| 650 | 1 | _aCriminal law | |
| 650 | 1 | _aTerrorism legislation | |
| 653 | _aAggression | ||
| 653 | _aTerrorism | ||
| 856 | 4 | 0 | _uhttps://fll.law.cu.edu.eg/fulltext/bks/B10-11274.pdf |
| 905 | _a60 | ||
| 942 |
_2ddc _cBK _e21 _n0 |
||
| 999 |
_c73335 _d73335 |
||